| 000 | 00940nam a2200277 a 4500 | ||
|---|---|---|---|
| 003 | CBULib | ||
| 005 | 20240808095911.0 | ||
| 008 | 080313s2007 ||||||||||||||||| || u | ||
| 020 | _a9789211127218 | ||
| 040 |
_aCBULib _bEnglish _cCBULib _erda |
||
| 041 | _aeng | ||
| 050 | _aUNCTAD(058)TDR/2007 | ||
| 110 | _aUnited Nations Conference on Trade and Development (UNCTAD) | ||
| 245 | 1 | 0 |
_aTrade and development report, 2007 _c/ by the United Nations Conference on Trade and Development (UNCTAD) |
| 260 |
_aNew York : _bUnited Nations, _c2007. |
||
| 300 | _axxi, 195 pages : illustrations | ||
| 336 |
_2rdacontent _aText | _btxt |
||
| 337 |
_2rdamedia _aUnmediated | _bn |
||
| 338 |
_2rdacarrier _aVolume _bnc |
||
| 500 | _a2 Volumes | ||
| 650 | _aCOMMERCIAL POLICY--PERIODICALS | ||
| 650 | _aECONOMIC DEVELOPMENT--PERIODICALS | ||
| 650 | 0 | _aECONOMICS | |
| 650 | 0 | _aINTERNATIONAL ECONOMIC RELATIONS--PERIODICALS | |
| 942 |
_2mc _c029 |
||
| 999 |
_c81374 _d81374 |
||